000 00615nam a2200217 a 4500
001 BRCA_7104
005 20190320205720.0
008 271211s1952----enka######---#000-0#eng-#
041 _aeng
044 _aenk
050 4 _aN1070
_b.A77 1952
110 2 _aNational Gallery (Great Britain)
_917659
245 1 0 _aOne hundred masterpieces
_cfrom the National gallery
260 _aLondres
_bTrustees
_c1952
300 _a109 p.
_bil.
_c26 cm.
500 _aO116
650 1 4 _aPintura
_zInglaterra - Londres
_917660
650 1 4 _aNational Gallery (Great Britain)
_xCatálogos
_917661
902 _aGFM
942 _2lcc
_cB
999 _c6785
_d6785